| Tag |
First Indicator |
Second Indicator |
Subfields |
| LEADER |
00000cgm a2200000Ia 4500 |
| 001 |
in00002784958 |
| 005 |
20150922151658.0 |
| 007 |
vd mvaizu |
| 008 |
110323s2008 cau079 vleng d |
| 035 |
|
|
|a (OCoLC)ocn708247830
|
| 035 |
|
|
|a (OCoLC)708247830
|
| 040 |
|
|
|a NZW
|b eng
|c NZW
|d NTD
|d OCLCA
|d OCLCQ
|d UtOrBLW
|
| 043 |
|
|
|a n-mx---
|
| 049 |
|
|
|a TXAM
|
| 050 |
|
4 |
|a RC271.A62
|b I45 2008
|
| 245 |
0 |
0 |
|a Illegal hope /
|c Potbelly Pig Productions ; an Ingrassano Film production ; produced by David Ingrassano and Doris Dembi-Ingrassano.
|
| 246 |
1 |
|
|i Other title information on disc surface:
|a Discover the cancer treatment the U.S. won't allow
|
| 264 |
|
0 |
|a [Anaheim, Calif.] :
|b Potbelly Pig Productions,
|c [2008]
|
| 264 |
|
4 |
|c ©2008
|
| 300 |
|
|
|a 1 videodisc (79 min.) :
|b sound, color with black and white sequences ;
|c 4 3/4 in.
|
| 336 |
|
|
|a two-dimensional moving image
|b tdi
|2 rdacontent
|
| 337 |
|
|
|a video
|b v
|2 rdamedia
|
| 338 |
|
|
|a videodisc
|b vd
|2 rdacarrier
|
| 538 |
|
|
|a DVD; NTSC.
|
| 511 |
0 |
|
|a David Carter, Peri Carter, Danielle Moody, Amanda Moody, Tara Houck, Kyle Houck.
|
| 508 |
|
|
|a Directed by David Ingrassano ; edited by Ben Bateman and Sandra Mohr ; animation by Nathan Mazur.
|
| 520 |
|
|
|a Chemotherapy, radiation, and surgery are the only options given to Missouri mother, Peri Carter, when she is diagnosed with terminal brain cancer. U.S. doctors offer her no hope with only a 3% chance of survival. Unwilling to accept the death sentence handed to her by the U.S. medical system, Peri and her family make the decision to seek alternative treatments in Mexico. Join the Carters and other American cancer patients on this emotional journey as they discover the cancer treatment the U.S. won't allow. The freedom to choose is a powerful human need and we will go to any lengths to gain it, even when we're sick. Witness how the U.S. news media, along with the U.S. government, can destroy a place of hope.
|
| 500 |
|
|
|a Videorecording.
|
| 600 |
1 |
0 |
|a Carter, Peri.
|
| 650 |
|
0 |
|a Cancer
|x Alternative treatment
|z Mexico.
|
| 650 |
|
0 |
|a Alternative medicine.
|
| 655 |
|
7 |
|a Documentary films.
|2 lcgft
|
| 655 |
|
7 |
|a Nonfiction films.
|2 lcgft
|
| 700 |
1 |
|
|a Carter, Peri.
|
| 700 |
1 |
|
|a Ingrassano, David.
|
| 700 |
1 |
|
|a Dembi-Ingrassano, Doris.
|
| 700 |
1 |
|
|a Carter, David.
|
| 700 |
1 |
|
|a Moody, Danielle.
|
| 700 |
1 |
|
|a Moody, Amanda.
|
| 700 |
1 |
|
|a Houck, Tara.
|
| 700 |
1 |
|
|a Houck, Kyle.
|
| 700 |
1 |
|
|a Bateman, Ben.
|
| 700 |
1 |
|
|a Mazur, Nathan.
|
| 710 |
2 |
|
|a Ingrassano Film (Firm)
|
| 710 |
2 |
|
|a Potbelly Pig Productions.
|
| 994 |
|
|
|a C0
|b TXA
|
| 948 |
|
|
|a cataloged
|b h
|c 2012/12/6
|d c
|e blrosas
|f 1:53:08 pm
|
| 999 |
|
|
|a MARS
|
| 999 |
f |
f |
|s 0480270f-d67b-3541-a2fa-8612f98746ad
|i c0ebb632-04d8-3b71-8d74-8a5ed4bd4b85
|t 0
|
| 952 |
f |
f |
|p ric
|a Texas A&M University
|b Rellis Campus
|c Joint Library Facility
|d Remote Storage
|t 0
|e RC271.A62 I45 2008
|h Library of Congress classification
|i video -- videodisc
|m A14841626668
|
| 998 |
f |
f |
|a RC271.A62 I45 2008
|t 0
|l Remote Storage
|